| 000 | 00360 a2200169 4500 | ||
|---|---|---|---|
| 001 | 188784 | ||
| 020 | _a978-85-356-2630-8 | ||
| 040 | _cMagnum | ||
| 100 | _aBraglia, Arlete | ||
| 240 | 1 | 0 |
_aOs micronautas _lpor |
| 245 | 1 | 0 | _aOs micronautas |
| 300 | _a343 | ||
| 362 | 0 | _a2010 | |
| 440 | 1 | _aPaulinas | |
| 697 | _aLITERATURA INFANTO-JUVENIL | ||
| 942 | _cBK | ||
| 999 |
_c188784 _d188784 |
||